| 000 | 00410nam a2200181Ia 4500 | ||
|---|---|---|---|
| 003 | STCL | ||
| 008 | 221019s9999 xx 000 0 und d | ||
| 020 | _a9781907579554 | ||
| 040 |
_aSTCL _cSTCL _bEN |
||
| 082 | _222 | ||
| 100 | _aLandis, Deborah Nadoolman | ||
| 245 | 0 | _aCostume design | |
| 260 |
_bIlex _aChina _c2012 |
||
| 300 | _a192 p | ||
| 365 | _b2102.95 | ||
| 546 | _aEnglish | ||
| 942 |
_cBK _2DDC _e22 |
||
| 999 |
_c88627 _d88627 |
||